| 000 -LEADER |
| fixed length control field |
00248nam a2200109Ia 4500 |
| 008 - FIXED-LENGTH DATA ELEMENTS--GENERAL INFORMATION |
| fixed length control field |
260210s9999 xx 000 0 und d |
| 020 ## - INTERNATIONAL STANDARD BOOK NUMBER |
| International Standard Book Number |
97875609460301 |
| 100 ## - MAIN ENTRY--PERSONAL NAME |
| Personal name |
Hustp |
| 245 #0 - TITLE STATEMENT |
| Title |
Vogue Design II: Club (P/B) |
| 260 ## - PUBLICATION, DISTRIBUTION, ETC. |
| Name of publisher, distributor, etc. |
Hustp |
| 942 ## - ADDED ENTRY ELEMENTS (KOHA) |
| Koha item type |
B.Design |